000 00347nam a2200133Ia 4500
005 20251222152027.0
008 251222s9999||||xx |||||||||||||| ||spa||
082 _a338.161/B94
100 _aBurga, Eduardo
245 0 _aInventario de proyectos agroindustriales en el PerĂº 1988/1989
250 _a2a.ed.
264 _bVIDEO IMPRES
942 _cLIB
999 _c25531
_d25531